Aging Invisibly : Championing Diversity in Scholarship on Growing Older with Chronic Illness /
Statistical data suggest that many people with chronic health conditions pass away at much younger ages than their peers. Yet large quantitative datasets that address aging with chronic illness often do not capture the diversity of people with c
مؤلفون آخرون: ,
التنسيق: كتاب الكتروني
اللغة: English
منشور في:
Leiden ; Boston :
Brill,
2024.
سلاسل:
Educational Research E-Books Online, Collection 2024.
Personal/Public Scholarship ;
13.
الموضوعات:
الوصول للمادة أونلاين: Login to view Source
الوسوم: إضافة وسم
رقم الطلب: LA227.3
| LEADER | 02472nam a22005298i 4500 | ||
|---|---|---|---|
| 001 | BRILL9789004708136 | ||
| 003 | nllekb | ||
| 005 | 20241030072853.0 | ||
| 006 | m d | ||
| 007 | cr un uuuua | ||
| 008 | 240705s2024 gw sb 001 0 eng d | ||
| 020 | |a 9789004708136 |q (electronic book) | ||
| 020 | |z 9789004708129 |q (print) | ||
| 024 | 7 | |a 10.1163/9789004708136 |2 DOI | |
| 035 | |z (OCoLC)1440216151 | ||
| 040 | |a NL-LeKB |c NL-LeKB |e rda | ||
| 041 | |a eng | ||
| 050 | 4 | |a LA227.3 | |
| 072 | 7 | |a EDU |x 000000 |2 bisacsh | |
| 072 | 7 | |a JN |2 bicssc | |
| 082 | 0 | 4 | |a 378/.012/0973 |2 23 |
| 245 | 1 | 0 | |a Aging Invisibly : |b Championing Diversity in Scholarship on Growing Older with Chronic Illness / |c edited by Alexandra "Xan" C.H. Nowakowski, J.E. Sumerau. |
| 246 | 3 | |a Championing Diversity in Scholarship on Growing Older with Chronic Illness | |
| 264 | 1 | |a Leiden ; |a Boston : |b Brill, |c 2024. | |
| 264 | 4 | |c ©2024 | |
| 300 | |a 1 online resource (218 pages) : |b illustrations. | ||
| 336 | |a text |b txt |2 rdacontent | ||
| 337 | |a computer |b c |2 rdamedia | ||
| 338 | |a online resource |2 rdacarrier | ||
| 490 | 1 | |a Educational Research E-Books Online, Collection 2024 | |
| 490 | 1 | |a Personal/Public Scholarship ; |v 13 | |
| 504 | |a Includes bibliographical references and index. | ||
| 505 | 0 | |t Acknowledgements -- List of Illustrations -- Notes on Contributors -- Introduction -- Alexandra "Xan" C.H. Nowakowski and J.E. Sumerau -- 1 "Spend Your Spoons Wisely": Conceptualizations of Time, Energy, and Aging Invisibly with Crohn's Disease | |
| 520 | |a Statistical data suggest that many people with chronic health conditions pass away at much younger ages than their peers. Yet large quantitative datasets that address aging with chronic illness often do not capture the diversity of people with c | ||
| 546 | |a English | ||
| 588 | |a Description based on print version record. | ||
| 650 | 0 | |a Education. | |
| 650 | 0 | |a Higher Education. | |
| 650 | 0 | |a Social Justice. | |
| 700 | 1 | |a Nowakowski, Alexandra Xan" C.H.", |e editor. | |
| 700 | 1 | |a Sumerau, J.E., |e editor. | |
| 776 | 0 | 8 | |i Print version: |t Aging Invisibly : Championing Diversity in Scholarship on Growing Older with Chronic Illness |d Leiden ; Boston : Brill, 2024. |z 9789004708129 |
| 830 | 0 | |a Educational Research E-Books Online, Collection 2024. | |
| 830 | 0 | |a Personal/Public Scholarship ; |v 13. | |
| 856 | 4 | |z DOI: |u http://dx.doi.org/10.1163/9789004708136 | |
| 942 | |2 lcc |c EBOOK | ||
| 999 | |c 59543 |d 59543 | ||
